000 01030nmc a2200313 a 4500
003 AR-BaBNM
005 20251128204911.0
008 011101s1988 ||||||||||||||000 | spa||
020 _a84-277-0831-9
040 _cAR-BaBNM
100 1 _aSerrano Gisbert, Teresa
245 1 0 _aLas ideas de los alumnos en el aprendizaje de las ciencias
260 _aMadrid
_bNarcea
_c1988
300 0 _a64 p.
_bdiagr.
490 0 _aApuntes I.E.P.S.
_vv. 47
500 0 _aPublicación del Departamento de Didáctica de las Ciencias de la Naturaleza del IEPS (Instituto de Estudios Pedagógicos Somosaguas)
650 4 _aENSENANZA DE LA CIENCIA
650 4 _aENSENANZA DE LA QUIMICA
650 4 _aAPRENDIZAJE MEDIANTE EL DESCUBRIMIENTO
650 4 _aAPRENDIZAJE MEDIANTE LA PRACTICA
650 4 _aTECNICAS DIDACTICAS
651 4 _aEspaña
653 0 _aEDUCACION GENERAL BASICA
653 0 _aEDUCACION PRIMARIA
653 0 _aPROCESO DE ENSENANZA-APRENDIZAJE
700 1 _aBlanco López, Angel
942 _cBK
998 _csilvi
999 _c9260
_d9260